header

Quixotic fictions of the USA, 1792-1815 (Record no. 237266)

MARC details
000 -LEADER
fixed length control field 01727nam a2200373 a 4500
082 04 - DEWEY DECIMAL CLASSIFICATION NUMBER
Classification number 810.9
100 1# - MAIN ENTRY--AUTHOR NAME
Personal name Wood, Sarah Florence.
245 10 - TITLE STATEMENT
Title Quixotic fictions of the USA, 1792-1815
260 ## - PUBLICATION, DISTRIBUTION, ETC. (IMPRINT)
Place of publication Oxford ;
-- New York :
Name of publisher Oxford University Press,
Year of publication 2005.
300 ## - PHYSICAL DESCRIPTION
Number of Pages xiv, 295 p. :
Other physical details ill.
500 ## - GENERAL NOTE
General note Based on the author's thesis (doctoral) "Broken heads and bloated tales : Quixotic fictions of the USA, 1792-1815"--University of London, 2003.
650 #0 - SUBJECT ADDED ENTRY--TOPICAL TERM
Topical Term American literature
Topical Term American fiction
Topical Term American fiction
Topical Term American literature
856 40 - ELECTRONIC LOCATION AND ACCESS
Uniform Resource Identifier http://site.ebrary.com/lib/rucke/Doc?id=10177962

No items available.

© 2026 Rongo University
Contact us: librarian | system librarian | Rongo university